000 00532pam a2200193 a 4500
020 _c
040 _aMedical College Lib.
041 _aENG
_hENG
082 _a616.4
_bMOR
100 _aMorgan, D. B. .
245 _aClinics in Endocrinology and Metabolism - Electrolyte Disorders Vol 13 No. 2 /
_c
_hTextual Documents
260 _a :
_bW. B. SAUNDERS COMPANY ,
_c1984.
300 _a64 ;
_c
365 _a49=50
653 _aEndocrinology
930 _a5134
999 _c5133
_d5133